000 00443nam a2200181Ia 4500
001 1341
005 20260306143721.0
008 260306t1972||||xx |||||||||||||| ||spa||
041 _aESP
082 _a194
_bT32A
100 _aTeilhard de Chardín, Pierre
_eAUT
245 0 _aEl medio divino:
_bensayo de vida interior
260 _c1972
300 _a158 páginas :
_c18 cm.
650 _aGEN
654 _aCHU
942 _cLIB
_dJUS
_fJUS
_2ddc
_n
999 _c1341
_d1341